| 000 -LEADER |
| fixed length control field |
00503nam a22001577a 4500 |
| 003 - CONTROL NUMBER IDENTIFIER |
| control field |
OSt |
| 005 - DATE AND TIME OF LATEST TRANSACTION |
| control field |
20260122162301.0 |
| 008 - FIXED-LENGTH DATA ELEMENTS--GENERAL INFORMATION |
| fixed length control field |
260122t2005 xxua|||| |||| 00| 0 eng d |
| 020 ## - INTERNATIONAL STANDARD BOOK NUMBER |
| International Standard Book Number |
9780843113976 |
| 040 ## - CATALOGING SOURCE |
| Transcribing agency |
CSU |
| 100 ## - MAIN ENTRY--PERSONAL NAME |
| Personal name |
Kyla May, |
| Relator term |
author. |
| 245 ## - TITLE STATEMENT |
| Title |
Kyla may miss behaves as an international super shy / |
| Statement of responsibility, etc |
written & illustrated by Kyla May. |
| 260 ## - PUBLICATION, DISTRIBUTION, ETC. (IMPRINT) |
| Place of publication, distribution, etc |
Penguin Group (USA) Inc., |
| Name of publisher, distributor, etc |
[name of publisher not identified] |
| Date of publication, distribution, etc |
c2005. |
| 300 ## - PHYSICAL DESCRIPTION |
| Extent |
64 pages : |
| Other physical details |
color illustrations. |
| 942 ## - ADDED ENTRY ELEMENTS (KOHA) |
| Source of classification or shelving scheme |
|
| Koha item type |
Books |